[Event "Rio de Janeiro Cortinhas Memorial 1st"]
[Site "Rio de Janeiro"]
[Date "2017.04.22"]
[Round "4"]
[White "Rodi, Luis Ernesto"]
[Black "Zacarias, Rodrigo Medeiros"]
[Result "1-0"]
[WhiteElo "2318"]
[BlackElo "2106"]
[PlyCount "73"]
[EventDate "2017.04.21"]
[EventType "swiss"]
[EventRounds "6"]
[EventCountry "BRA"]
[SourceTitle "CBM 178 Extra"]
[Source "ChessBase"]
[SourceDate "2017.06.22"]
[SourceVersion "1"]
[SourceVersionDate "2017.06.22"]
[SourceQuality "1"]

1. e4 c5 2. Nf3 d6 3. d4 cxd4 4. Nxd4 Nf6 5. Nc3 a6 6. Nb3 e6 7. g4 Be7 8. g5 Nfd7 9. h4 Nc6 10. Be3 b5 11. Bg2 Bb7 12. f4 0-0 13. Qg4 Na5 14. Nxa5 Qxa5 15. 0-0 Rac8 16. a3 Qc7 17. h5 Rfe8 18. Rad1 Nb6 19. g6 hxg6 20. hxg6 Nc4 21. gxf7+ Kxf7 22. Bd4 Bf8 23. Rd3 Kg8 24. Rh3 Qf7 25. Qh4 Qg6 26. Rff3 Be7 27. Qf2 e5 28. f5 Qg5 29. Ba7 Qc1+ 30. Kh2 Bg5 31. Ne2 Qxc2 32. f6 gxf6 33. Rxf6 Re7 34. Rg6+ Rg7 35. Rxg7+ Kxg7 36. Qf5 Bxe4 37. Rh7+ 1-0

[Event "Rio de Janeiro Cortinhas Memorial 1st"]
[Site "Rio de Janeiro"]
[Date "2017.04.21"]
[Round "1"]
[White "Reis, Virginia Lagrange M"]
[Black "Zacarias, Rodrigo Medeiros"]
[Result "0-1"]
[WhiteElo "1774"]
[BlackElo "2106"]
[PlyCount "104"]
[EventDate "2017.04.21"]
[EventType "swiss"]
[EventRounds "6"]
[EventCountry "BRA"]
[SourceTitle "CBM 178 Extra"]
[Source "ChessBase"]
[SourceDate "2017.06.22"]
[SourceVersion "1"]
[SourceVersionDate "2017.06.22"]
[SourceQuality "1"]

1. e4 c5 2. Nf3 Nc6 3. Bb5 e6 4. 0-0 Nge7 5. b3 a6 6. Be2 d5 7. exd5 Nxd5 8. g3 Qf6 9. c3 e5 10. d4 e4 11. Nfd2 Bf5 12. Bc4 Nb6 13. Nxe4 Bxe4 14. Re1 0-0-0 15. Rxe4 Nxc4 16. bxc4 cxd4 17. Qg4+ Rd7 18. Re8+ Nd8 19. Bg5 h5 20. Bxf6 hxg4 21. Rxd8+ Rxd8 22. Bxd8 Kxd8 23. cxd4 Bb4 24. a3 Ba5 25. Ra2 Re8 26. Rb2 Kc8 27. a4 Re4 28. Na3 Rxd4 29. Kf1 Rd1+ 30. Kg2 Ra1 31. Rb3 Ra2 32. Kg1 f5 33. c5 Ra1+ 34. Kg2 Rc1 35. f3 Rxc5 36. fxg4 fxg4 37. Rb2 Bc3 38. Rf2 Be5 39. Re2 Kd7 40. Re4 Ke6 41. Rxg4 Kd5 42. Rb4 Rc7 43. Kf2 Bd6 44. Rb3 Bxa3 45. Rxa3 Rc2+ 46. Kg1 b5 47. axb5 axb5 48. h4 b4 49. Ra8 b3 50. Rd8+ Ke6 51. Re8+ Kf7 52. Rb8 b2 0-1